Europe market report 2008 (Record no. 108152)

MARC details
000 -LEADER
fixed length control field 01415cad a22002295a 4500
001 - CONTROL NUMBER
control field L143417
008 - FIXED-LENGTH DATA ELEMENTS--GENERAL INFORMATION
fixed length control field 080507s2008 xxud f s 000 0 eng d
035 ## - SYSTEM CONTROL NUMBER
System control number (Sirsi) u143417
041 0# - LANGUAGE CODE
Language code of text/sound track or separate title eng
050 04 - LIBRARY OF CONGRESS CALL NUMBER
Classification number 333.33 $2 18
110 2# - MAIN ENTRY--CORPORATE NAME
Corporate name or jurisdiction name as entry element NAI Global
9 (RLIN) 5315
245 00 - TITLE STATEMENT
Title Europe market report 2008
Medium [electronic resource]
260 ## - PUBLICATION, DISTRIBUTION, ETC.
Place of publication, distribution, etc. Princeton
Name of publisher, distributor, etc. NAI Global
Date of publication, distribution, etc. 2008
490 #0 - SERIES STATEMENT
Series statement NAI Global Europe Market Report
Volume/sequential designation 2008
520 ## - SUMMARY, ETC.
Summary, etc. Reviews and summarises the real estate activities of 2007 in 29 of Europe's most important property markets. Reveals property markets across Europe have been fairly strong in 2007, although uncertainty in the financial markets is likely to change this. High demand for offices led to increasing prime rents in the key European centres, up 10% compared to a year earlier. Average vacancy in Western Europe is around 7.5% and around 7% in Central and Eastern Europe. There were record levels of direct investment in real estate in the first six months of 2007, with most activity in the UK, France and Germany. However, across Europe, the fourth quarter of 2007 saw a marked reduction in the level of activity.
590 ## - LOCAL NOTE (RLIN)
Local note KA NTK
650 24 - SUBJECT ADDED ENTRY--TOPICAL TERM
Topical term or geographic name entry element NAI GLOBAL EUROPE MARKET REPORT
651 #4 - SUBJECT ADDED ENTRY--GEOGRAPHIC NAME
Geographic name Europe
690 ## - LOCAL SUBJECT ADDED ENTRY--TOPICAL TERM (OCLC, RLIN)
Topical term or geographic name as entry element PROPERTY-COMMERCIAL PROPERTY-COMMERCIAL PROPERTY MARKET
856 40 - ELECTRONIC LOCATION AND ACCESS
Uniform Resource Identifier <a href="https://www.naiglobal.com">https://www.naiglobal.com</a>
Public note View the item free of charge at www.naiglobal.com...
942 ## - ADDED ENTRY ELEMENTS (KOHA)
Suppress in OPAC 0
Holdings
Withdrawn status Lost status Source of classification or shelving scheme Damaged status Not for loan Home library Current library Shelving location Date acquired Total Checkouts Full call number Barcode Date last seen Copy number Price effective from Koha item type
    Dewey Decimal Classification     Virtual Virtual Online 07/05/2008   ONLINE PUBLICATION 143417-2001 06/08/2019 1 06/08/2019 Book